Guess the TV Theme Song Lyrics #1 - Statistics

General Stats
  • This quiz has been taken 221 times
  • The average score is 65 of 129
Answer Stats
Answer % Correct
a
91%
The
88%
I
85%
you
82%
day
80%
happy
75%
Happy
75%
and
71%
are
71%
days
70%
to
58%
me
57%
be
56%
it
56%
all
55%
These
55%
Monday
53%
Friday
52%
Sunday
52%
Thursday
52%
Tuesday
52%
Wednesday
52%
what
52%
when
50%
so
47%
with
47%
can
46%
mine
46%
Saturday
46%
week
44%
My
43%
yours
41%
oh
40%
free
38%
long
28%
weekend
28%
can't
26%
them
24%
those
24%
comes
23%
right
22%
Rockin
22%
rollin
21%
hold
19%
sky
19%
blue
18%
Feels
18%
nothing
18%
wrong
18%
Groovin
17%
Goodbye
16%
grey
15%
Happy Days
12%
cycle
11%
Ready
11%
There's
11%
hums
10%
baby
9%
race
9%
Share
9%
hellow
1%
No matching quizzes found
Score Distribution
Percent of People with Each Score
Percentile by Number Answered
Your Score History
You have not taken this quiz